Women's studies in academia: The discipline and its concerns (Record no. 90483)

000 -LEADER
fixed length control field 00437pab a2200169 454500
008 - FIXED-LENGTH DATA ELEMENTS--GENERAL INFORMATION
fixed length control field 180718b2009 xxu||||| |||| 00| 0 eng d
100 ## - MAIN ENTRY--PERSONAL NAME
Personal name Manvinder, Kaur
245 ## - TITLE STATEMENT
Title Women's studies in academia: The discipline and its concerns
260 ## - PUBLICATION, DISTRIBUTION, ETC.
Date of publication, distribution, etc. 2009
300 ## - PHYSICAL DESCRIPTION
Extent p.31-46.
362 ## - DATES OF PUBLICATION AND/OR SEQUENTIAL DESIGNATION
Dates of publication and/or sequential designation May-Aug
650 ## - SUBJECT ADDED ENTRY--TOPICAL TERM
Topical term or geographic name entry element Womens studies
700 ## - ADDED ENTRY--PERSONAL NAME
Personal name Sultana, Ameer
773 ## - HOST ITEM ENTRY
Main entry heading Research Journal Social Sciences
908 ## - PUT COMMAND PARAMETER (RLIN)
Put command parameter N
909 ## -
-- 90483
Holdings
Withdrawn status Lost status Damaged status Not for loan Permanent Location Current Location Date acquired Serial Enumeration / chronology Barcode Date last seen Price effective from Koha item type
        Indian Institute of Public Administration Indian Institute of Public Administration 2018-07-19 Volume no: 17, Issue no: 2 AR90943 2018-07-19 2018-07-19 Articles

Powered by Koha